000 00304nam a2200121Ia 4500
008 190216s9999||||xx |||||||||||||| ||und||
100 _aInder K Rana
245 3 _aAn Introduction To Measure And Integration
260 _bNarosa Pubs House
_c1997
300 _a380p
650 _aMathematics
942 _cBK
999 _c31439
_d31439